000 00480cam a2200181ua 4500
001 5021
008 120229n nyu |||gr||||Z||||||eng
020 _a1-403-90561-4
040 _cMAIN
082 _a820
100 _aAlexander, Michael,
_eAuthor,
245 1 1 _aHIstory of english literature
_cby Michael Alexander
250 _a1st.
260 _aHampshire:
_bPalgrave foundation,
_c2004.
300 _a387p:
_c25cm.
653 _aEnglish.& Old English literatures
942 _cBK
999 _c4205
_d4205